00780 2200265 4500001002100000005001700021008004100038035002400079082001000103090001500113245007500128260010900203300002500312500002600337500001100363650003600374700001000410850001500420980001300435985000600448999001500454999001500469999001500484999001500499YOGYA-0209000000528320090227020808.0 ind  0010-020900000005283 a301.3 a301.3bPol aPOLA pemukiman penduduk pedesaan daerah Sumatera Baratceditor, Djenen a[s.l]bDepartemen pendidikan dan kebudayaan proyek Inventarisasi dan dokumentasi kebudayaan daerahc1981 a120 hlmbilusc23 cm aBibliografi : hlm. 78 aIndeks aPola Perumahan - Sumatera Barat aJenen aYOPDYOG(B) a11-06-05 a4 aA000038735 aA000038734 aA000038732 aA000038733